000 00745nam a22002537a 4500
999 _c14921
_d14921
003 MIRAKIL
005 20220518145635.0
008 220518b tu ||||| |||| 00| 0 tur d
020 _a9756956755
040 _aTR-AnCHP
_cTR-AnCHP
041 _atur
082 _a323.6
_bG95y 2007
100 _aGündüz, Mustafa
245 1 0 _aYurttaşlık bilinci /
_cMustafa Gündüz, Ferhan Gündüz
250 _aGnşl. 3 bs.
260 _aİstanbul :
_b Anı Yayıncılık,
_c2007.
300 _axiv, 350 s. ;
_c21 sm.
500 _aYapıt yazarından imzalıdır.
504 _aKaynakça vardır.
650 0 _9994
_aYurttaşlık
_xTürkiye
650 0 _99
_aSiyaset ve yönetim
_xTürkiye
700 _97097
_aGündüz, Ferhan
942 _2ddc
_cBKS